000 00664cab a22002055a 4500
001 L153716
008 110822e20110813xxk 000 0 eng d
035 _a(Sirsi) u153716
041 0 _aeng
100 1 _aChalkley, Clive
245 0 2 _aA mixed harvest
260 _c2011
490 _aEstates Gazette
_v(1132) 13 August 2011, 52-53(2)
520 _aThe Court of Appeal has decided that the decision in "Good Harvest Partnership LLP v Centaur Services Ltd" is mostly correct, save for two notable qualifications.
590 _aKA
651 4 _aEngland and Wales
_y1543-
690 _aLANDLORD AND TENANT-LEASES
700 1 _aTaggart, Nicholas
942 _n0
999 _c83355
_d83355